000
00199 a2200097 4500
001
34952
100
_a
Asia
245
_a
Asia year Book-1991
260
_a
Hong Kong
_b
Bank
_c
090
_c
23114
_d
23114
942
_a
NUST-CAE
_c
M
_c
14575
999
_c
270025
_d
270025